Poetas toledanos vivos / (Record no. 120370)

MARC details
000 -LEADER
campo de control de longitud fija 00863nam a2200241 i 4500
001 - NÚMERO DE CONTROL
campo de control 120370
003 - IDENTIFICADOR DE NÚMERO DE CONTROL
campo de control ES-MaACL
005 - FECHA Y HORA DE LA ÚLTIMA TRANSACCIÓN
campo de control 20230906191532.0
007 - CAMPO FIJO DE DESCRIPCIÓN FÍSICA--INFORMACIÓN GENERAL
campo de control de longitud fija t|
008 - DATOS DE LONGITUD FIJA--INFORMACIÓN GENERAL
campo de control de longitud fija 070214s1981 sp r ||||1| spa d
245 00 - MENCIÓN DEL TÍTULO
Título Poetas toledanos vivos /
Mención de responsabilidad, etc. Amador Palacios.
260 ## - PUBLICACIÓN, DISTRIBUCIÓN, ETC.
Lugar de publicación, distribución, etc. Toledo :
Nombre del editor, distribuidor, etc. Instituto Provincial de Investigaciones y Estudios Toledanos,
Fecha de publicación, distribución, etc. 1981.
300 ## - DESCRIPCIÓN FÍSICA
Extensión 72 p. ;
Dimensiones 22 cm.
490 1# - MENCIÓN DE SERIE
Mención de serie Temas Toledanos ;
Designación de volumen o secuencia 16
650 #4 - PUNTO DE ACCESO ADICIONAL DE MATERIA--TÉRMINO DE MATERIA
Término de materia o nombre geográfico como elemento de entrada Poesías españolas-
Subdivisión cronológica S.XX.
9 (RLIN) 16221
650 #4 - PUNTO DE ACCESO ADICIONAL DE MATERIA--TÉRMINO DE MATERIA
Término de materia o nombre geográfico como elemento de entrada Poesías españolas-
Subdivisión geográfica Toledo (Provincia)
9 (RLIN) 170403
650 #4 - PUNTO DE ACCESO ADICIONAL DE MATERIA--TÉRMINO DE MATERIA
Término de materia o nombre geográfico como elemento de entrada Poetas españoles-
Subdivisión geográfica Toledo (Provincia)-
Subdivisión general Biografías.
9 (RLIN) 170404
700 1# - ENTRADA AGREGADA--NOMBRE PERSONAL
Nombre de persona Palacios, Amador.
9 (RLIN) 88388
710 2# - ENTRADA AGREGADA--NOMBRE DE ENTIDAD CORPORATIVA
Nombre de entidad corporativa o nombre de jurisdicción como elemento de entrada Instituto Provincial de Investigaciones y Estudios Toledanos.
9 (RLIN) 5217
830 0# - PUNTO DE ACCESO ADICIONAL DE SERIE-TÍTULO UNIFORME
Título uniforme Temas Toledanos ;
Designación de volumen o secuencia 16
9 (RLIN) 181269
852 ## - LOCALIZACIÓN
Ubicación ES-MaACL
Número de control de estantería L-6380
Sublocalización o colección R.106556
Holdings
Estatus retirado Estado de pérdida Estado de daño No para préstamo Biblioteca de origen Biblioteca actual Ubicación en estantería Fecha de adquisición Fuente de adquisición Total de préstamos Signatura topográfica completa Código de barras Visto por última vez Precio de reemplazo Tipo de ítem Koha
        Biblioteca del Ateneo de Madrid Biblioteca del Ateneo de Madrid Depósito 2 17/01/2008     L-6380 1125464 23/02/2023 23/02/2023 Libro impreso